Score 0/180 Timer 08:00
2 Plays Today
Website % Correct
Google UK
98.1%
Google
98.1%
Google
98.1%
Google Canada
98.1%
Google
98.1%
Google France
98.1%
Google Germany
98.1%
Google
98.1%
Google Italy
98.1%
Google Argentina
98.1%
Google
98.1%
Google India
98.1%
Google
98.1%
Google Mexico
98.1%
Google
98.1%
Google South Africa
98.1%
Google
98.1%
Google Australia
98.1%
Google
98.1%
Google
98.1%
Google
98%
Google
98%
Google New Zealand
97.3%
Yahoo!
89%
Yahoo!
89%
Yahoo!
89%
Yahoo!
89%
Yahoo!
89%
Yahoo!
89%
Yahoo!
89%
Yahoo!
89%
Yahoo!
89%
Yahoo!
89%
Yahoo!
88.9%
Facebook
87.1%
Facebook
87.1%
Facebook
87.1%
Facebook
87.1%
Facebook
87.1%
Facebook
87.1%
Facebook
87.1%
Facebook
87.1%
Facebook
87.1%
Facebook
87.1%
Facebook
87.1%
Facebook
87.1%
Amazon.com
76.5%
Twitter
75.5%
Twitter
75.1%
Instagram
73.7%
Instagram
73.5%
Instagram
73.5%
Amazon Germany
72.2%
Instagram
69.2%
Instagram
69.2%
Instagram
69.2%
Instagram
69.1%
Instagram
69.1%
Instagram
69.1%
Instagram
69.1%
Website % Correct
Instagram
69.1%
MSN
61%
Twitter
58.9%
Twitter
58.9%
Twitter
58.9%
Twitter
58.9%
Twitter
58.9%
Twitter
58.9%
Youtube
58.7%
Youtube
58.6%
Youtube
58.6%
Youtube
58.6%
Youtube
58.6%
Youtube
58.6%
Youtube
58.6%
Youtube
58.6%
Youtube
58.6%
Youtube
58.6%
Youtube
58.6%
Youtube
58.6%
Instagram
58.4%
LinkedIn
56.1%
Amazon
55.5%
Amazon UK
55.5%
Amazon Canada
55%
eBay UK
53.7%
eBay Germany
53.7%
eBay Australia
53.7%
eBay
53.7%
eBay Italy
53.7%
First National Bank of South Africa
51.2%
Wikipedia
49.5%
Wikipedia
49.5%
Wikipedia
49.5%
Wikipedia
49.5%
Wikipedia
49.5%
Wikipedia
49.5%
Wikipedia
49.5%
Wikipedia
49.5%
Wikipedia
49.5%
Wikipedia
49.5%
Wikipedia
49.4%
Wikipedia
48.1%
Reddit
47.6%
Netflix
46.1%
Netflix
42.6%
Netflix
42.6%
Netflix
40.8%
Netflix
40.8%
Netflix
39.6%
Reddit
37.1%
Reddit
37.1%
Reddit
37.1%
eBay Classifieds Germany
34.7%
ESPN
34.6%
BBC
33.5%
Amazon France
15%
Amazon Italy
14.5%
LinkedIn
14.1%
Twitter
11.6%
Website % Correct
Twitch
11.2%
Windows Live
10.7%
The LAD Bible
10.7%
Windows Live
10.6%
Windows Live
10.6%
Windows Live
10.6%
Windows Live
10.6%
Windows Live
10.6%
Windows Live
10.6%
Amazon India
10%
PayPal
9.5%
Twitch
9.3%
Corriere
9.3%
Windows Live
9.2%
Gumtree
8.6%
Free
8.3%
Imgur
8.2%
Subito Italy
8.1%
Clarin
8.1%
Reddit
7.8%
UniSA
5.5%
Web
4.6%
Office.com
4.6%
Office.com
4.6%
Mail.ru
4.5%
Blogspot
4.3%
Blogspot
4.2%
VK
3.9%
VK
3.9%
VK
3.7%
Quora
3.6%
Yandex
2.3%
Kijiji
2%
Flipkart
1.7%
Orange
1.7%
Gumtree
1.5%
ANZ
1.1%
Blogspot
1.1%
La Repubblica
0.8%
Cdiscount.com
0.8%
Trade Me
0.7%
Stuff
0.7%
New Zealand Herald
0.7%
Commbank
0.7%
Leboncoin
0.6%
Hotstar
0.6%
Infobae
0.5%
DStv.com
0.5%
OnlineSBI
0.5%
Libero
0.5%
India Times
0.5%
MercadoLibre
0.4%
MercadoLibre
0.4%
Takealot
0.4%
UKZN
0.4%
Perfect Tool Media
0.4%
Start Magazine
0.4%
Debate.com Mexico
0.4%
News 24
0.4%
El Intransigente
0.4%
Remove Ads.
Support Sporcle.
Get the best of Sporcle when you Go Orange. This ad-free experience offers more features, more stats, and more fun while also helping to support Sporcle. Thank you for becoming a member.

You're not logged in!

Compare scores with friends on all Sporcle quizzes.
OR
Log In

Sporcle TV

Today on Sporcle TV


Watch our educational content, quiz creation guides, and fun videos on Sporcle TV.

Show Comments

Extras

Top Quizzes Today


Score Distribution

Paid Content

Your Account Isn't Verified!

In order to create a playlist on Sporcle, you need to verify the email address you used during registration. Go to your Sporcle Settings to finish the process.

Report this User

Report this user for behavior that violates our Community Guidelines.

Details: